| 000 | 00600nam a2200241Ia 4500 | ||
|---|---|---|---|
| 008 | 190123s9999 xx 000 0 und d | ||
| 020 | _a9780531228319 | ||
| 050 | _bH567 2015 | ||
| 100 | _aHerrington, Lisa M. | ||
| 245 | 0 | _aIt's a good thing there are bees / | |
| 245 | 0 | _cby Lisa M. Herrington. | |
| 260 | _aNew York, New York : | ||
| 260 | _bScholastic, | ||
| 260 | _c2015 | ||
| 300 | _a32 pages : | ||
| 300 | _bcolored illustrations ; | ||
| 300 | _c18cm. | ||
| 440 | _aRookie read-about science. | ||
| 500 | _a600L | ||
| 650 | _aBees. | ||
| 700 | _aSeries. | ||
| 700 | _aTitle. | ||
| 999 |
_c361048 _d361048 |
||